000 00588nam a2200193 4500
005 20241023121931.0
010 _aENG-142330
020 _c457.00
_a9789394107045
035 _aEN-125862
037 _bDBAD
082 _a572.8
100 _aISLAM AMINUL
_973221
245 _aEssential Of Molecular Biology and Genetics/
_cAminul Islam
250 _aFirst
260 _akolkata
_bdeepayan sen book and allied
_c2020
270 _ano.1E(1), 'SHUBHAM PLAZA83/1 DR.S.C. Bannerjee road.
_bkolkata
_e700010
300 _a396p.
_c23cm(pb)
942 _2ddc
_cEN
_h572.8
_mISI
999 _c206612
_d206612